000 00473nam a22001577a 4500
003 macl
005 20191228131135.0
008 191228b xxu||||| |||| 00| 0 eng d
040 _cmacl
082 _a510
100 _aशर्मा ,सुरभि
_977613
245 _aअंक पहेली
260 _aदिल्‍ली
_bहिन्‍दी बुक वर्ल्‍ड
_c2018
650 _aअंक पहेल‍ी
_977614
942 _2ddc
_cHIN
999 _c61623
_d61623